000 00535nam a2200169Ia 4500
003 GCL
008 140319s9999 xx 000 0 ara d
040 _aGCL /
_cGCL
082 0 4 _a320.54
_bا د
100 1 _aاكرم عسكر الناصر
245 1 0 _aدروس جديدة فى السياسة القومية /
_cاكرم عسكر الناصر
300 _a213 ص
490 _aالهيئة العامة للاستعلامات
_v0
650 0 4 _aالديمقراطية
650 0 4 _aالقومية العربية
942 _2ddc
_cBK
999 _c49762
_d49762